Guide to the General Data Protection Regulation (GDPR) (Record no. 116119)
[ view plain ]
| 000 -LEADER | |
|---|---|
| fixed length control field | 01239cam a22002295a 4500 |
| 001 - CONTROL NUMBER | |
| control field | L159809 |
| 008 - FIXED-LENGTH DATA ELEMENTS--GENERAL INFORMATION | |
| fixed length control field | 180202s2018 xxk f 000 0 eng d |
| 035 ## - SYSTEM CONTROL NUMBER | |
| System control number | (Sirsi) u159809 |
| 041 0# - LANGUAGE CODE | |
| Language code of text/sound track or separate title | eng |
| 110 2# - MAIN ENTRY--CORPORATE NAME | |
| Corporate name or jurisdiction name as entry element | Information Commissioner's Office |
| 9 (RLIN) | 6192 |
| 245 00 - TITLE STATEMENT | |
| Title | Guide to the General Data Protection Regulation (GDPR) |
| Medium | [electronic resource] |
| 260 ## - PUBLICATION, DISTRIBUTION, ETC. | |
| Place of publication, distribution, etc. | London |
| Name of publisher, distributor, etc. | ICO |
| Date of publication, distribution, etc. | 2018 |
| 520 ## - SUMMARY, ETC. | |
| Summary, etc. | Provides general guidance to organisations to facilitate compliance with the General Data Protection Regulation (GDPR) which comes into force 25 May 2018. It is aimed at helping individuals who have day-to-day responsibility for data protection. It includes links to relevant sections of the GDPR itself, to other ICO guidance and to guidance produced by the EU?s Article 29 Working Party. The ICO is the UK Representative to the Working Party. Includes a checklist for GDPR preparatoin. |
| 590 ## - LOCAL NOTE (RLIN) | |
| Local note | NTK |
| 650 24 - SUBJECT ADDED ENTRY--TOPICAL TERM | |
| Topical term or geographic name entry element | GENERAL DATA PROTECTION REGULATION |
| 650 24 - SUBJECT ADDED ENTRY--TOPICAL TERM | |
| Topical term or geographic name entry element | GDPR |
| 650 24 - SUBJECT ADDED ENTRY--TOPICAL TERM | |
| Topical term or geographic name entry element | DATA PROTECTION |
| 651 #4 - SUBJECT ADDED ENTRY--GEOGRAPHIC NAME | |
| Geographic name | United Kingdom |
| Chronological subdivision | |
| 690 ## - LOCAL SUBJECT ADDED ENTRY--TOPICAL TERM (OCLC, RLIN) | |
| Topical term or geographic name as entry element | Business and management |
| 856 40 - ELECTRONIC LOCATION AND ACCESS | |
| Uniform Resource Identifier | <a href="https://www.ico.org.uk/media/1624219/preparing-for-the-gdpr-12-steps.pdf">https://www.ico.org.uk/media/1624219/preparing-for-the-gdpr-12-steps.pdf</a> |
| Public note | View the item free of charge from the www.ico.org.uk website. |
| 942 ## - ADDED ENTRY ELEMENTS (KOHA) | |
| Suppress in OPAC | 0 |
| Withdrawn status | Lost status | Source of classification or shelving scheme | Damaged status | Not for loan | Home library | Current library | Shelving location | Date acquired | Total Checkouts | Full call number | Barcode | Date last seen | Copy number | Price effective from | Koha item type |
|---|---|---|---|---|---|---|---|---|---|---|---|---|---|---|---|
| Dewey Decimal Classification | Virtual | Virtual | Online | 02/02/2018 | ONLINE PUBLICATION | 159809-2001 | 06/08/2019 | 1 | 06/08/2019 | Book |